| 000 | 01241nam a2200265Ia 4500 | ||
|---|---|---|---|
| 003 | OSt | ||
| 005 | 20221005105619.0 | ||
| 006 | a|||||r|||| 00| 0 | ||
| 007 | ta | ||
| 008 | 221004b |||||||| |||| 00| 0 hin d | ||
| 020 |
_a8189131168 (hbk) _c695 |
||
| 024 | _a97363 | ||
| 037 |
_b593, 06/02/2009, Eastern Book Linkers _cTextual |
||
| 040 |
_aCRL _cCRL _bhin |
||
| 041 |
_2hin _ahin |
||
| 082 | _aY:36.25264, 152P7 | ||
| 100 | _aपंवार, मोहन सिंह | ||
| 245 | 0 | _aगढ़वाल हिमालय के प्रमुख के प्रमुख मेले एवं त्यौहार तथा सांस्कृतिक प्रादेशीकरण | |
| 246 | _aGaढ़vāl himālaya ke pramukh ke pramukh mele evan tyauhār tathā sāanskṛutik prādeshīkaraṇa | ||
| 260 |
_aनई दिल्ली _bरिसर्च इंडिया प्रेस भारत _c2007 |
||
| 300 |
_a382पृ0 _ccm. |
||
| 700 | _a गैरोला, राकेश | ||
| 942 |
_hY:36.25264, 152P7 _cTEXL _2cc |
||
| 999 |
_c1016351 _d1016351 |
||